The computer establishment /

Bibliographic Details
Main Author: Fishman, Katharine Davis
Format: Book
Language:English
Published: New York, N.Y. : Harper & Row, [1981]
Edition:1st ed.
Subjects:

MARC

Tag First Indicator Second Indicator Subfields
LEADER 00000cam a22000008a 4500
001 in00000071244
005 20151008062125.0
008 810316s1981 nyuaf b 00110 eng
010 |a  80008202  
020 |a 0060112832 :  |c $12.95 
035 |a (OCoLC)07306391 
035 |9 AAJ9572AM 
039 0 |a 2  |b 3  |c 3  |d 3  |e 3 
040 |a DLC  |c DLC  |d TXA  |d UtOrBLW 
043 |a n-us--- 
049 |a TXAM  |c [1560851] 
050 0 0 |a HD9696.C63  |b U51646 1981 
082 0 |a 338.4/7621381958/0973  |2 19 
100 1 |a Fishman, Katharine Davis. 
245 1 4 |a The computer establishment /  |c Katharine Davis Fishman. 
250 |a 1st ed. 
263 |a 8110 
264 1 |a New York, N.Y. :  |b Harper & Row,  |c [1981] 
264 4 |c ©1981 
300 |a ix, 468 pages, 8 unnumbered pages of plates :  |b illustrations ;  |c 24 cm. 
336 |a text  |b txt  |2 rdacontent 
337 |a unmediated  |b n  |2 rdamedia 
338 |a volume  |b nc  |2 rdacarrier 
504 |a Includes bibliographical references and index. 
610 2 0 |a International Business Machines Corporation  |x History. 
650 0 |a Computer industry  |z United States  |x History. 
999 |a MARS 
999 f f |s a6e6e34f-fa4d-35b6-9f0a-702edb7e39da  |i a874a2e4-6174-3c7a-8213-66e8945245c8  |t 0 
952 f f |p ric  |a Texas A&M University  |b Rellis Campus  |c Joint Library Facility  |d Remote Storage  |t 0  |e HD9696.C63 U51646 1981  |h Library of Congress classification  |i unmediated -- volume  |m A14806131880 
998 f f |a HD9696.C63 U51646 1981  |t 0  |l Remote Storage